00692nam a2200181 a 450000100100000000500170001000800410002704000250006810000350009324500790012826000450020730000210025250000730027350400320034604900090037895201060038799900170049300002738120240322191158.0110331s1987 dr 000 0 spa d aDO-SdBNPbspacBNPHU1 aEspinal, Rosariod1955-94386910aAutoritarismo y democracia en la política dominicana /cRosario Espinal. aSanto Domingo :bEdiciones Capel,c1987. a208 P. ;c22 cm. aIncluye referencias bibliográficas y notas al pie de las páginas aBibliografía : p. 199-205 aBNPD 00107-18PDaPDbPDcOId2011-03-31iLF1l0o p27381-10r2020-06-25w2020-06-25yLFPDZNo se presta c26873d26873